Estatuto jurídico de los empleados particulares
Na minha lista:
| Autor principal: | |
|---|---|
| Formato: | Livro |
| Idioma: | espanhol |
| Publicado em: |
Santiago
Jurídica de Chile
1958
|
| coleção: | Estudios Jurídicos y Sociales, 47
|
| Assuntos: | |
| Tags: |
Adicionar Tag
Sem tags, seja o primeiro a adicionar uma tag!
|
MARC
| LEADER | 00000nam a2200000 a 4500 | ||
|---|---|---|---|
| 001 | UCV1710 | ||
| 003 | CL-VaPUC | ||
| 008 | 901112e19580000CL |||||||||||||||||spa|d | ||
| 082 | 0 | 4 | |a 344.01 |b GAE |2 21 |
| 100 | |a Gaete Berríos, Alfredo |e autor |9 480656 | ||
| 245 | 1 | 0 | |a Estatuto jurídico de los empleados particulares |
| 300 | |a 326 p | ||
| 942 | |c BK | ||
| 945 | |d 19901112 00:00:00 | ||
| 260 | |a Santiago |b Jurídica de Chile |c 1958 | ||
| 650 | 0 | |a Empleados |9 256785 | |
| 650 | 0 | |a Derecho y legislación |9 255077 | |
| 651 | 7 | |a CHILE |2 CL-VaPUC |9 295950 | |
| 583 | |a last modification |c 19901112 00:00:00 |k Rodrigo Vera | ||
| 490 | 0 | |a Estudios Jurídicos y Sociales, 47 | |
| 999 | |c 209563 |d 209561 | ||
| 952 | |0 0 |1 0 |4 0 |6 344_010000000000000_GAE_1958 |7 0 |8 A |9 185047 |a BIBDER |b BIBDER |d 2019-11-14 |i 2524295 |o 344.01 GAE 1958 |p 2524295 |r 2023-01-25 |w 2019-11-14 |y BK |k DER | ||